Hoppa till innehåll

Опыт теории вокальной педагогики в классе эстрадного пения учебное пособие для спо

Цель данной книги – изложение общих сведений о работе голосового аппарата в пении, обязательно необходимых педагогу вокала. В пособии изложены такие стороны практической работы с голосом, как построение упражнений, певческие навыки, дыхание, атака звука и выдох, основанные на личном опыте автора. По...

Full beskrivning

Sparad:
Bibliografiska uppgifter
Huvudupphovsman: Малишава В. П.
Materialtyp: Книга
Språk:Russian
Publicerad: Санкт-Петербург Планета музыки 2024
Upplaga:2-е изд., стер.
Ämnen:
Länkar:https://e.lanbook.com/book/366170
https://e.lanbook.com/img/cover/book/366170.jpg
Taggar: Lägg till en tagg
Inga taggar, Lägg till första taggen!
LEADER 02253nam0a2200289 i 4500
001 366170
003 RuSpLAN
005 20240228125139.0
008 240228s2024 ru gs 000 0 rus
020 |a 978-5-507-48703-5 
040 |a RuSpLAN 
041 0 |a rus 
044 |a ru 
080 |a 784.95 
084 |a 85.314  |2 rubbk 
245 0 0 |a Опыт теории вокальной педагогики в классе эстрадного пения  |b учебное пособие для спо  |c Малишава В. П. 
250 |a 2-е изд., стер. 
260 |a Санкт-Петербург  |b Планета музыки  |c 2024 
300 |a 52 с. 
504 |a Библиогр.: доступна в карточке книги, на сайте ЭБС Лань 
520 8 |a Цель данной книги – изложение общих сведений о работе голосового аппарата в пении, обязательно необходимых педагогу вокала. В пособии изложены такие стороны практической работы с голосом, как построение упражнений, певческие навыки, дыхание, атака звука и выдох, основанные на личном опыте автора. Пособие адресовано педагогам и студентам средних специальных учебных заведений. The aim of this book is to present general information about the work of the vocal apparatus in singing, which is necessary for a vocal teacher. The textbook represents such aspects of practical work with the voice, as forming up the exercises, singing skills, breathing, attack of sound and respiration, based on the author’s personal experience. The textbook is addressed to teachers and students of colleges. 
521 8 |a Книга из коллекции Планета музыки - Музыка и театр 
653 0 |a эстрадное пение 
100 1 |a Малишава В. П. 
856 4 |u https://e.lanbook.com/book/366170 
856 4 8 |u https://e.lanbook.com/img/cover/book/366170.jpg 
953 |a https://e.lanbook.com/img/cover/book/366170.jpg